[Event "Mogliano Veneto op-B 31st"]
[Site "Mogliano Veneto"]
[Date "2010.05.01"]
[Round "3"]
[White "Franciosi, Claudio"]
[Black "Ballarin, Pietro"]
[Result "0-1"]
[WhiteElo "1697"]
[BlackElo "1634"]
[PlyCount "74"]
[EventDate "2010.04.30"]
[EventType "swiss"]
[EventRounds "5"]
[EventCountry "ITA"]
[SourceTitle "EXT 2023"]
[Source "ChessBase"]
[SourceDate "2022.10.05"]
[SourceVersion "1"]
[SourceVersionDate "2022.10.05"]
[SourceQuality "1"]

1. e4 e5 2. Nf3 Nc6 3. Bb5 a6 4. Ba4 Nf6 5. 0-0 Be7 6. Re1 b5 7. Bb3 d6 8. h3 Na5 9. c3 Nxb3 10. axb3 Bb7 11. d3 0-0 12. Nbd2 Re8 13. Nf1 Bf8 14. Ng3 g6 15. Bg5 Bg7 16. Qd2 d5 17. exd5 Qxd5 18. c4 Qd6 19. cxb5 axb5 20. Rxa8 Bxa8 21. Qe2 Nd7 22. Ne4 Qd5 23. Qc2 c5 24. Nc3 Qc6 25. Qe2 f5 26. Bf4 h6 27. Qd2 Kh7 28. Re2 Nf8 29. Ne1 exf4 30. Rxe8 Qxe8 31. Ne2 Ne6 32. f3 Nd4 33. Nxd4 Bxd4+ 34. Kh2 Qe3 35. Qxe3 fxe3 36. Nc2 e2 37. Kg3 g5 0-1